| 000 | 00754nam a22002297a 4500 | ||
|---|---|---|---|
| 008 | 131119b xxu||||| |||| 00| 0 eng d | ||
| 020 | _a81-203-2177 | ||
| 024 | _cAvailable | ||
| 037 | _cAvailable | ||
| 040 |
_aMBSTU Library _dMBSTU Library |
||
| 082 |
_222 _a006.7 ANM |
||
| 100 | _aAndleigh Prabhat k | ||
| 245 | _aMultimedia Systems Design | ||
| 260 |
_aNew Delhi _bPrintice Hall of India _c2005 |
||
| 300 |
_a23.cm _b654Page _f06 _g23.cm |
||
| 600 |
_2Multimedia Systems _aAndleigh Prabhat k |
||
| 700 | _aAndleigh Prabhat k | ||
| 270 |
_aPrintice Hall of India _bNew Delhi _dIndia |
||
| 365 |
_b412.00 _d412.00 |
||
| 942 |
_2ddc _cBK |
||
| 999 |
_c863 _d863 |
||